000 00379nam a2200133Ia 4500
008 151015s9999 xx 000 0 und d
020 _a9.7814441075e+012
050 _aJA 36 G4 2008
245 _aThompson Mel
250 _a_Understand Political Philosophy / Mel Thompson
500 _aIncludes index
650 _a_Political philosophy
700 _a^d20120113 03:05:25^oanne
999 _c3164
_d3164